000 01065nam0a22002531 4500
001 rc\2937307
005 20250806211445.0
035 _a(NLR Aleph) 007086351
090 _a42827
_c42827
100 _a20110823d1943 u y0rusy50 ca
101 0 _arus
102 _aRU
105 _ay z |||||
200 1 _aМатериалы Конференции от 28 ноября - 1 декабря 1943 года
_fКонференция руководителей трех союзных держав СССР, США и Великобритании в Тегеране
210 _aМосква
_cОгиз
_cГосполитиздат
_d1943
215 _a21, [3] с.
_d19 см
710 1 2 _aКонференция руководителей трех союзных держав - СССР, США и Великобритании
_eТегеран
_f1943
801 0 _aRU
_bNLR
_gpsbo
801 1 _aRU
_bELAR
_2rusmarc
852 _aNLR
_jИ24 Г-4/81
942 _cBOOK
945 _aРоссийская национальная библиотека
980 _aNB
980 _aBV